000 00656cam a22002411 4500
001 sa 66001429
003 DLC
005 20260227112222.0
008 890911s1965 ii bf b 000 0 hino
010 _asa 66001429
035 _a(OCoLC)20324554
040 _aDLC
_cWaU
_dDLC
042 _apremarc
043 _aa-ii---
050 0 0 _aDS425
_b.R6
100 1 _aRāya, Udaya Nārāyaṇa,
_d1928-
245 1 0 _aPrācīna Bhārata meṃ nagara tathā nagara-jīvana.
260 _c[1965]
300 _a16, 389, 20 p.
_b34 plates, maps.
_c23 cm.
500 _aIn Hindi.
504 _aBibliography: p. [380]-389.
650 0 _aCities and towns
_zIndia.
999 _c67805
_d67805